000 00437nam a2200181Ia 4500
008 100917s9999 xx 000 0 und d
082 _b17206
100 _aठकार ना. रा.
245 _aबीज गणित
260 _b---
_c1856
300 _a269
365 _b0
520 _aगणित
630 _aबीज गणित
650 _aगणित
730 _aबीज गणित
942 _cBOOK
999 _c622600
_d622597